| 000 | 00706nam a22002537a 4500 | ||
|---|---|---|---|
| 003 | 0 | ||
| 005 | 20180711125006.0 | ||
| 008 | 0 | ||
| 010 | _aB-160101 | ||
| 020 |
_c750.00 _a817835327 |
||
| 035 | _aB-160101, B- 160102 | ||
| 037 | _bCen Lib/Ret | ||
| 040 |
_aDPL _bEN _c0 |
||
| 082 |
_a372.3044 _bTOM |
||
| 100 |
_aTomar, Archana _98086 |
||
| 245 |
_aTeaching of biology / _cby Archana Tomar |
||
| 260 |
_aDelhi _bKalpaz Publications _c2005 |
||
| 270 |
_aC-30, Satyawati Nagar _bDelhi _e110052 |
||
| 300 |
_a276p. _c22cm(Hb) |
||
| 500 | _aIncludes index | ||
| 650 |
_aBiology -- Study and teaching _98087 |
||
| 650 |
_aNATURE -- Reference _98088 |
||
| 942 |
_2ddc _cEN _h372.3044 _mTOM |
||
| 999 |
_c123800 _d123800 |
||